[Event "Junior Online 4NCL Division 4"]
[Site "online"]
[Date "2021.09.16"]
[EventDate "2021.09.16"]
[Round "3.141"]
[White "Chung, Vince"]
[WhiteElo "1157"]
[WhiteTeam "Colchester Juniors C"]
[Black "Amos, Katherine"]
[BlackElo "1414"]
[BlackTeam "Farnham Fantasticos B"]
[Result "1-0"]
[PlyCount "57"]

1. e4 d5 2. exd5 Nf6 3. Nc3 Nxd5 4. Nxd5 Qxd5 5. Nf3 Bg4 6. Be2 e5 7. O-O Bc5 8. c4 Qd6 9. a3 Bd4 10. Nxd4 Bxe2 11. Nxe2 Nc6 12. Ng3 Ne7 13. Ne4 Qe6 14. Nc5 Qxc4 15. b4 b6 16. Na4 Qe6 17. Re1 O-O 18. d4 Ng6 19. Bb2 Rfd8 20. Qc2 f6 21. dxe5 fxe5 22. Kh1 Rac8 23. f4 Nxf4 24. Rxe5 Qg4 25. Rg1 Re8 26. Rxe8+ Rxe8 27. Qxc7 Nd3 28. h3 Qh5 29. Qxg7# 1-0

[Event "Junior Online 4NCL Division 4"]
[Site "online"]
[Date "2021.09.16"]
[EventDate "2021.09.16"]
[Round "3.142"]
[White "Warnock, Oliver"]
[WhiteElo "1255"]
[WhiteTeam "Farnham Fantasticos B"]
[Black "Kariyawasam, Alexander"]
[BlackElo "1114"]
[BlackTeam "Colchester Juniors C"]
[Result "0-1"]
[PlyCount "88"]

1. d4 d5 2. c4 Nf6 3. cxd5 Nxd5 4. e4 Nf6 5. e5 Nd5 6. Nc3 f6 7. f4 Nxc3 8. bxc3 fxe5 9. fxe5 Nc6 10. Ba3 Be6 11. Nf3 Qd5 12. Bd3 O-O-O 13. c4 Qa5+ 14. Nd2 Qxa3 15. d5 Bxd5 16. Bf5+ Kb8 17. cxd5 Rxd5 18. Be4 Rxe5 19. O-O Qb2 20. Bxc6 bxc6 21. Rb1 Qxb1 22. Qxb1+ Kc8 23. Nc4 Rb5 24. Qe1 Rc5 25. Qe6+ Kd8 26. Rd1+ Ke8 27. Qc8+ Kf7 28. Qg4 Ke8 29. Qh5+ Rxh5 30. g4 Rc5 31. Ne3 Rc3 32. Nf5 g6 33. Nh4 Bh6 34. Kg2 Bf4 35. h3 Rg3+ 36. Kf2 Rxh3 37. Ng2 Bg3+ 38. Kg1 Bd6 39. Rf1 Rg3 40. Kf2 Rf8+ 41. Ke2 Rxf1 42. Kxf1 Rxg4 43. Ne3 Rf4+ 44. Ke2 h5 0-1

[Event "Junior Online 4NCL Division 4"]
[Site "online"]
[Date "2021.09.16"]
[EventDate "2021.09.16"]
[Round "3.143"]
[White "Wilde, Grace"]
[WhiteElo "746"]
[WhiteTeam "Colchester Juniors C"]
[Black "Warren, Orla"]
[BlackElo "1140"]
[BlackTeam "Farnham Fantasticos B"]
[Result "0-1"]
[PlyCount "50"]

1. e4 e6 2. d4 d5 3. exd5 exd5 4. Nc3 Bd6 5. Nf3 Nf6 6. Bd3 O-O 7. O-O Bg4 8. h3 Bh5 9. Be2 Nc6 10. Bg5 h6 11. Bxf6 Qxf6 12. Nxd5 Qf5 13. Nxc7 Bxc7 14. d5 Ne5 15. d6 Bxd6 16. Qxd6 Nxf3+ 17. Bxf3 Bxf3 18. gxf3 Qxf3 19. Qh2 Rfe8 20. Rfe1 Rad8 21. Qc7 Rxe1+ 22. Rxe1 Rd2 23. Re8+ Kh7 24. Qc8 Qxf2+ 25. Kh1 Qg2# 0-1

[Event "Junior Online 4NCL Division 4"]
[Site "online"]
[Date "2021.09.16"]
[EventDate "2021.09.16"]
[Round "3.144"]
[White "Lumsden, Emmanuel"]
[WhiteElo "1064"]
[WhiteTeam "Farnham Fantasticos B"]
[Black "Ren, Jason"]
[BlackElo "680"]
[BlackTeam "Colchester Juniors C"]
[Result "1-0"]
[PlyCount "127"]

1. e4 e5 2. Nf3 Nc6 3. Bc4 Nf6 4. Ng5 Qe7 5. Bxf7+ Kd8 6. Bb3 h6 7. Nf7+ Ke8 8. Nxh8 Nxe4 9. Qh5+ Kd8 10. Nf7+ Ke8 11. Nd6+ Kd8 12. Nxe4 Qb4 13. Qf3 Nd4 14. Qf7 Qe7 15. Qxe7+ Bxe7 16. d3 d6 17. c3 Nb5 18. a4 Nxc3 19. bxc3 Bf5 20. Nbd2 c6 21. c4 Rc8 22. O-O Rc7 23. Nf3 Bf8 24. d4 Bxe4 25. dxe5 Be7 26. Bf4 Kd7 27. Rfd1 d5 28. cxd5 cxd5 29. Bxd5 Bxd5 30. Rxd5+ Kc6 31. Rc1+ Kxd5 32. Rxc7 g5 33. Rxe7 gxf4 34. Rxb7 a6 35. e6 Kxe6 36. Rb6+ Kd5 37. Rxa6 Ke4 38. Re6+ Kf5 39. Nd4+ Kg5 40. a5 Kg4 41. a6 h5 42. a7 h4 43. a8=Q Kh5 44. Qd5+ Kg4 45. Qf3+ Kg5 46. Re5+ Kf6 47. Qxf4+ Kg6 48. Qg5+ Kf7 49. Qf6+ Kxf6 50. Rf5+ Kg6 51. f4 Kh7 52. Ra5 Kg6 53. f5+ Kf6 54. Ra6+ Ke5 55. f6 Kxd4 56. f7 Kd5 57. f8=Q Kc4 58. Qf5 Kb4 59. Qc8 Kb5 60. Ra8 Kb6 61. Rb8+ Ka5 62. Qc7+ Ka4 63. Qc6+ Ka5 64. Qa8# 1-0

[Event "Junior Online 4NCL Division 4"]
[Site "online"]
[Date "2021.09.16"]
[EventDate "2021.09.16"]
[Round "3.145"]
[White "Amos, Katherine"]
[WhiteElo "1414"]
[WhiteTeam "Farnham Fantasticos B"]
[Black "Chung, Vince"]
[BlackElo "1157"]
[BlackTeam "Colchester Juniors C"]
[Result "1-0"]
[PlyCount "67"]

1. e4 e5 2. Nf3 Nc6 3. Nc3 Bc5 4. Bc4 Nf6 5. O-O O-O 6. d3 d6 7. Bg5 Be6 8. Bd5 Bxd5 9. Nxd5 Nd4 10. Nxd4 Bxd4 11. c3 Bb6 12. Nxf6+ gxf6 13. Be3 Kh8 14. Qf3 Rg8 15. a4 a5 16. b4 c5 17. bxc5 Bxc5 18. d4 exd4 19. cxd4 Bb4 20. Qf5 Rg6 21. e5 dxe5 22. dxe5 Bc3 23. Rad1 Qg8 24. g3 Bxe5 25. Rd7 Rf8 26. Rfd1 Rg4 27. Rxb7 Rxa4 28. Bh6 Rd8 29. Rbd7 Rxd7 30. Rxd7 Ra1+ 31. Kg2 Qa8+ 32. Kh3 Qc8 33. Qg4 a4 34. Qg7# 1-0

[Event "Junior Online 4NCL Division 4"]
[Site "online"]
[Date "2021.09.16"]
[EventDate "2021.09.16"]
[Round "3.146"]
[White "Kariyawasam, Alexander"]
[WhiteElo "1114"]
[WhiteTeam "Colchester Juniors C"]
[Black "Warnock, Oliver"]
[BlackElo "1255"]
[BlackTeam "Farnham Fantasticos B"]
[Result "0-1"]
[PlyCount "66"]

1. e4 c5 2. d4 cxd4 3. Qxd4 Nc6 4. Qd1 d6 5. Nf3 Nf6 6. Nc3 e6 7. Bd3 Be7 8. Be3 h6 9. O-O O-O 10. a4 Ng4 11. Bf4 e5 12. Bd2 a6 13. h3 Nf6 14. b3 Nh7 15. Qe2 f5 16. exf5 Bxf5 17. Bxf5 Rxf5 18. Qe4 Rf7 19. Qd5 Nf6 20. Qc4 d5 21. Qe2 e4 22. Ne1 Nd4 23. Qe3 Bc5 24. Qg3 Ne2+ 25. Nxe2 Bd6 26. Qc3 Rc7 27. Qb2 Qe7 28. Ba5 Be5 29. Qa3 Bd6 30. Bb4 Bxb4 31. Qb2 Bd6 32. Nd4 Qe5 33. c3 Qh2# 0-1

[Event "Junior Online 4NCL Division 4"]
[Site "online"]
[Date "2021.09.16"]
[EventDate "2021.09.16"]
[Round "3.147"]
[White "Warren, Orla"]
[WhiteElo "1140"]
[WhiteTeam "Farnham Fantasticos B"]
[Black "Wilde, Grace"]
[BlackElo "746"]
[BlackTeam "Colchester Juniors C"]
[Result "0-1"]
[PlyCount "32"]

1. d4 d5 2. Bf4 Nf6 3. e3 Bf5 4. c4 c6 5. Qb3 e6 6. Qxb7 Nbd7 7. Qxc6 Rc8 8. Qa4 dxc4 9. Bxc4 Rb8 10. Nc3 Rxb2 11. Qxa7 Be7 12. Bc7 Qc8 13. Ba6 Bc5 14. dxc5 Nxc5 15. Bxc8 Nd3+ 16. Kf1 Rxf2# 0-1

[Event "Junior Online 4NCL Division 4"]
[Site "online"]
[Date "2021.09.16"]
[EventDate "2021.09.16"]
[Round "3.151"]
[White "Ciutac, Stefan"]
[WhiteElo "1080"]
[WhiteTeam "Chess Challengers E"]
[Black "Caden, Eleanor"]
[BlackElo "979"]
[BlackTeam "Leeds Juniors 5"]
[Result "1-0"]
[PlyCount "101"]

1. c4 e5 2. g3 Nf6 3. Bg2 Bc5 4. Nc3 O-O 5. e3 d6 6. Nge2 Bg4 7. Bxb7 Nbd7 8. Bxa8 Qxa8 9. Rg1 Qf3 10. d4 exd4 11. exd4 Bb4 12. Be3 Ne4 13. Qd2 Nxd2 14. Kxd2 Bxc3+ 15. Nxc3 Qf5 16. f4 Nf6 17. a3 Ne4+ 18. Nxe4 Qxe4 19. b4 Qf3 20. Rae1 Re8 21. Rgf1 Qe4 22. Bf2 Qc6 23. d5 Qd7 24. Bxa7 Rxe1 25. Rxe1 h5 26. c5 Qa4 27. Bb8 Bf5 28. Rc1 Bc2 29. Rxc2 Qb5 30. Bxc7 dxc5 31. Rxc5 Qe8 32. d6 f5 33. Re5 Qd7 34. Re7 Qc8 35. Ba5 Qf8 36. d7 Qxe7 37. d8=Q+ Qxd8+ 38. Bxd8 Kf7 39. b5 Ke8 40. Bg5 Kd7 41. Kd3 Kc7 42. Kd4 Kb6 43. a4 Ka5 44. Kc5 Kxa4 45. Kc6 Ka5 46. b6 Ka6 47. Kc7 Kb5 48. b7 Ka6 49. b8=R Ka7 50. Rb1 g6 51. Ra1# 1-0

[Event "Junior Online 4NCL Division 4"]
[Site "online"]
[Date "2021.09.16"]
[EventDate "2021.09.16"]
[Round "3.152"]
[White "Raja Srinivasan, Kavin"]
[WhiteElo "887"]
[WhiteTeam "Leeds Juniors 5"]
[Black "Chavan, Aarav"]
[BlackElo "1065"]
[BlackTeam "Chess Challengers E"]
[Result "0-1"]
[PlyCount "124"]

1. d4 d6 2. Bf4 Nf6 3. Nf3 g6 4. e3 Bh6 5. Bxh6 Bf5 6. Nbd2 Nc6 7. Bd3 e5 8. dxe5 dxe5 9. Nxe5 Nxe5 10. Bg7 Rg8 11. Bh6 Nxd3+ 12. cxd3 Bxd3 13. Nb3 Bc4 14. Qxd8+ Rxd8 15. Bg5 Bxb3 16. axb3 Rd6 17. Bf4 Rb6 18. Bxc7 Rxb3 19. O-O Rxb2 20. Be5 Rb6 21. Bd4 Re6 22. Rxa7 b5 23. Bxf6 Rxf6 24. Ra8+ Ke7 25. Rxg8 Rb6 26. Rh8 b4 27. Ra8 b3 28. Raa1 Kd6 29. Rad1+ Kc5 30. Rc1+ Kb4 31. Rb1 Ka3 32. Ra1+ Kb2 33. Rfb1+ Kc2 34. Rc1+ Kb2 35. Rab1+ Ka2 36. Kf1 b2 37. Rd1 Rb3 38. Ke1 h5 39. Ke2 g5 40. Rd2 f5 41. Rbd1 Ka3 42. Rd3 Rxd3 43. Kxd3 Ka2 44. Rd2 Ka1 45. Rd1+ Ka2 46. Rd2 Ka1 47. Kc3 b1=Q 48. Kc4 Qc1+ 49. Kd3 Qh1 50. Rd1+ Qxd1+ 51. Kc3 Qe2 52. Kb4 Qxf2 53. Kc5 Qxg2 54. Kd6 Qxh2+ 55. Ke6 Qc7 56. Kxf5 Kb2 57. Kxg5 Kc3 58. Kxh5 Kd3 59. e4 Kxe4 60. Kh4 Qg7 61. Kh3 Kf3 62. Kh4 Qg4# 0-1

[Event "Junior Online 4NCL Division 4"]
[Site "online"]
[Date "2021.09.16"]
[EventDate "2021.09.16"]
[Round "3.153"]
[White "Moiseev, Mikhail"]
[WhiteElo "1070"]
[WhiteTeam "Chess Challengers E"]
[Black "RoyChowdhury, Aashita"]
[BlackElo "860"]
[BlackTeam "Leeds Juniors 5"]
[Result "0-1"]
[PlyCount "138"]

1. e4 c6 2. Nf3 d5 3. exd5 cxd5 4. d4 Nc6 5. Nc3 Bf5 6. a3 Nf6 7. Be3 e6 8. Be2 Bd6 9. O-O O-O 10. Qe1 Bxc2 11. Bd2 Bf5 12. Bd1 Qb6 13. Qe3 Qxb2 14. Rc1 Qxa3 15. Ne5 Qa6 16. Be2 Qb6 17. Rb1 Bxb1 18. Rxb1 Qxd4 19. Nxc6 Qxe3 20. Bxe3 bxc6 21. Ra1 Be5 22. Ra3 d4 23. Bxd4 Bxd4 24. Bf3 c5 25. Bxa8 Rxa8 26. h3 Bxc3 27. Rxc3 Ne4 28. Rc4 Nf6 29. Rxc5 a5 30. f3 a4 31. Rc1 a3 32. Ra1 a2 33. Kf1 Nd5 34. Ke1 Kf8 35. Kd1 Ke7 36. Kc1 Nb4 37. Kb2 Kd6 38. Kb3 Kc5 39. g4 g5 40. Kb2 f5 41. gxf5 exf5 42. Kb3 Re8 43. Ka4 Ra8+ 44. Kb3 Re8 45. Ka4 Re3 46. Rf1 h5 47. Rc1+ Kd5 48. Kxb4 Rxf3 49. Ra1 Rxh3 50. Rxa2 f4 51. Ra5+ Ke4 52. Kc5 Kf5 53. Kc6+ Kg4 54. Kd6 f3 55. Ra3 Kg3 56. Ke5 Kg2 57. Kf5 Rg3 58. Ke4 h4 59. Kd4 h3 60. Ra1 h2 61. Ra2+ Kh3 62. Ra8 h1=Q 63. Rh8+ Kg2 64. Rxh1 Kxh1 65. Ke3 Kg2 66. Kd2 f2 67. Kd1 f1=Q+ 68. Kd2 Qd3+ 69. Ke1 Re3# 0-1

[Event "Junior Online 4NCL Division 4"]
[Site "online"]
[Date "2021.09.16"]
[EventDate "2021.09.16"]
[Round "3.154"]
[White "Raja Srinivasan, Pranav"]
[WhiteElo "800"]
[WhiteTeam "Leeds Juniors 5"]
[Black "Gehlote, Sohum Singh"]
[BlackElo "1129"]
[BlackTeam "Chess Challengers E"]
[Result "0-1"]
[PlyCount "84"]

1. e4 e5 2. Nc3 Nf6 3. Nf3 Nc6 4. Bc4 Bc5 5. d3 h6 6. Be3 Bxe3 7. fxe3 Ng4 8. O-O Nxe3 9. Qe2 Nxf1 10. Rxf1 O-O 11. Nd5 Na5 12. Bb5 c6 13. Bxc6 dxc6 14. Nb4 c5 15. Nd5 Be6 16. Ne3 c4 17. dxc4 Qb6 18. Nxe5 Rac8 19. Kh1 Qxb2 20. Nf5 Nxc4 21. Nxc4 Bxc4 22. Qg4 Bxf1 23. Qxg7+ Qxg7 24. Nxg7 Kxg7 25. Kg1 Bb5 26. Kf2 Rxc2+ 27. Ke3 Rxg2 28. h4 Rxa2 29. e5 Re8 30. Ke4 Re2+ 31. Kd5 Rd8+ 32. Kc5 a6 33. Kb6 Rxe5 34. Kxb7 a5 35. Kb6 a4 36. Ka5 a3 37. Kb4 Ra8 38. Kb3 a2 39. Kb2 a1=Q+ 40. Kc2 Ra3 41. Kd2 Qb2+ 42. Kd1 Ra1# 0-1

[Event "Junior Online 4NCL Division 4"]
[Site "online"]
[Date "2021.09.16"]
[EventDate "2021.09.16"]
[Round "3.155"]
[White "Caden, Eleanor"]
[WhiteElo "979"]
[WhiteTeam "Leeds Juniors 5"]
[Black "Ciutac, Stefan"]
[BlackElo "1080"]
[BlackTeam "Chess Challengers E"]
[Result "0-1"]
[PlyCount "124"]

1. e4 d6 2. d4 g6 3. Nc3 Bg7 4. Nf3 c5 5. dxc5 Qa5 6. cxd6 exd6 7. Qxd6 Bxc3+ 8. bxc3 Qxc3+ 9. Bd2 Qxa1+ 10. Ke2 Qf6 11. Qd5 Ne7 12. Qb5+ Nbc6 13. Qc4 Bd7 14. Bg5 Qe6 15. Qxe6 Bxe6 16. Bf6 Rg8 17. Bxe7 Kxe7 18. Ke1 Bxa2 19. Bd3 f6 20. e5 Nxe5 21. Nxe5 fxe5 22. Be4 Rab8 23. Ke2 Bc4+ 24. Bd3 Bxd3+ 25. cxd3 Rbd8 26. Rc1 Rc8 27. Rxc8 Rxc8 28. Ke3 Rc2 29. f4 Rxg2 30. fxe5 Rxh2 31. d4 Ke6 32. Ke4 Rh4+ 33. Kd3 Kd5 34. Ke3 Rxd4 35. Kf3 Re4 36. Kg3 Rxe5 37. Kf4 a5 38. Kg4 b5 39. Kf4 b4 40. Kf3 b3 41. Kf4 b2 42. Kf3 b1=R 43. Kf4 a4 44. Kf3 a3 45. Kf4 Rb4+ 46. Kf3 a2 47. Kg3 a1=R 48. Kf3 Ra3+ 49. Kf2 g5 50. Kf1 Rf5+ 51. Kg2 Rb2+ 52. Kg1 h5 53. Kh1 h4 54. Kg1 h3 55. Kh1 g4 56. Kg1 g3 57. Kh1 Rg5 58. Kg1 Rf3 59. Kh1 g2+ 60. Kg1 Rh5 61. Kh2 Ke4 62. Kg1 h2# 0-1

[Event "Junior Online 4NCL Division 4"]
[Site "online"]
[Date "2021.09.16"]
[EventDate "2021.09.16"]
[Round "3.156"]
[White "Chavan, Aarav"]
[WhiteElo "1065"]
[WhiteTeam "Chess Challengers E"]
[Black "Raja Srinivasan, Kavin"]
[BlackElo "887"]
[BlackTeam "Leeds Juniors 5"]
[Result "1-0"]
[PlyCount "21"]

1. d4 d5 2. Bf4 Bf5 3. e3 Nf6 4. Nf3 Nbd7 5. Bd3 Bxd3 6. Qxd3 e6 7. c3 Bd6 8. Bg3 Bxg3 9. hxg3 O-O 10. g4 Nxg4 11. Qxh7# 1-0

[Event "Junior Online 4NCL Division 4"]
[Site "online"]
[Date "2021.09.16"]
[EventDate "2021.09.16"]
[Round "3.157"]
[White "RoyChowdhury, Aashita"]
[WhiteElo "860"]
[WhiteTeam "Leeds Juniors 5"]
[Black "Moiseev, Mikhail"]
[BlackElo "1070"]
[BlackTeam "Chess Challengers E"]
[Result "0-1"]
[PlyCount "82"]

1. d4 d5 2. Nf3 Nc6 3. Bf4 Nf6 4. e3 Bd7 5. Bd3 g6 6. Nbd2 e6 7. c3 Bd6 8. Bxd6 cxd6 9. Qb3 a5 10. Qxb7 Rb8 11. Qa6 Qc7 12. b3 Bc8 13. Qxc6+ Qxc6 14. Rc1 Ne4 15. Bxe4 dxe4 16. Ng5 f5 17. O-O a4 18. b4 Ba6 19. Rfe1 Bc4 20. a3 Bb3 21. Nb1 O-O 22. f4 h6 23. Nh3 d5 24. Nd2 Rf7 25. Nf2 Rh7 26. Nh3 h5 27. Nf2 h4 28. Nh3 Qc8 29. Ng5 Rc7 30. Nb1 Ba2 31. Re2 Bxb1 32. Rxb1 Rxc3 33. g3 Rc1+ 34. Rxc1 Qxc1+ 35. Kf2 hxg3+ 36. hxg3 Qxa3 37. Nxe6 Qxb4 38. Ng5 a3 39. Re1 a2 40. Rh1 Qd2+ 41. Kg1 a1=Q# 0-1

[Event "Junior Online 4NCL Division 4"]
[Site "online"]
[Date "2021.09.16"]
[EventDate "2021.09.16"]
[Round "3.158"]
[White "Gehlote, Sohum Singh"]
[WhiteElo "1129"]
[WhiteTeam "Chess Challengers E"]
[Black "Raja Srinivasan, Pranav"]
[BlackElo "800"]
[BlackTeam "Leeds Juniors 5"]
[Result "0-1"]
[PlyCount "50"]

1. e4 c6 2. Nc3 d5 3. exd5 cxd5 4. Nf3 Nf6 5. b3 Bf5 6. Bb2 e6 7. Bb5+ Nc6 8. Ne5 Rc8 9. O-O Bd6 10. Nxc6 bxc6 11. Ba6 Rb8 12. Re1 O-O 13. Qe2 Re8 14. Nd1 Bxc2 15. d3 Bxd1 16. Raxd1 Qb6 17. d4 c5 18. dxc5 Bxc5 19. Bd4 Bxd4 20. Rxd4 Qxd4 21. Rd1 Qh4 22. Qe3 Ng4 23. Qh3 Qxf2+ 24. Kh1 Ne3 25. Rd3 Qf1# 0-1

[Event "Junior Online 4NCL Division 4"]
[Site "online"]
[Date "2021.09.16"]
[EventDate "2021.09.16"]
[Round "3.162"]
[White "Govindu, Aashrith Reddy"]
[WhiteElo "950"]
[WhiteTeam "Manchester Juniors E"]
[Black "Iyer, Pranav"]
[BlackElo "700"]
[BlackTeam "Edgware Gambits K"]
[Result "0-1"]
[PlyCount "44"]

1. e4 e5 2. Nf3 Bc5 3. Bc4 Nc6 4. Nc3 d6 5. d3 Bg4 6. Bg5 f6 7. h3 Bh5 8. Be3 Bxe3 9. fxe3 Qd7 10. d4 O-O-O 11. dxe5 dxe5 12. Qxd7+ Rxd7 13. Be6 Kd8 14. Bxd7 Kxd7 15. O-O-O+ Ke6 16. g4 Bf7 17. Nb5 Ke7 18. g5 fxg5 19. Nxg5 Bxa2 20. Rhf1 Bc4 21. Rf6 gxf6 22. Nf3 Bxb5 0-1

[Event "Junior Online 4NCL Division 4"]
[Site "online"]
[Date "2021.09.16"]
[EventDate "2021.09.16"]
[Round "3.163"]
[White "Iyer, Rishabh"]
[WhiteElo "700"]
[WhiteTeam "Edgware Gambits K"]
[Black "Morgan, Alice"]
[BlackElo "907"]
[BlackTeam "Manchester Juniors E"]
[Result "1/2-1/2"]
[PlyCount "66"]

1. e4 e5 2. Nf3 Nc6 3. Bc4 Bc5 4. Nc3 Nf6 5. d3 O-O 6. Bg5 d6 7. O-O Bg4 8. h3 Bxf3 9. Qxf3 a5 10. Qd1 Re8 11. Re1 h6 12. Bh4 Kf8 13. Qd2 Kg8 14. Rad1 d5 15. exd5 Nd4 16. a3 Nf5 17. Bg3 Nxg3 18. b4 axb4 19. axb4 Bb6 20. Kh2 Nf5 21. f3 Nxd5 22. Bb5 c6 23. Bc4 Be3 24. Qe2 Nxc3 25. Qf1 Nxd1 26. Rxd1 Bf4+ 27. Kg1 Qd4+ 28. Kh1 Ng3+ 29. Kh2 Nxf1+ 30. Kh1 Ng3+ 31. Kh2 Nf1+ 32. Kh1 Ng3+ 33. Kh2 Nf1+ 1/2-1/2

[Event "Junior Online 4NCL Division 4"]
[Site "online"]
[Date "2021.09.16"]
[EventDate "2021.09.16"]
[Round "3.166"]
[White "Iyer, Pranav"]
[WhiteElo "700"]
[WhiteTeam "Edgware Gambits K"]
[Black "Govindu, Aashrith Reddy"]
[BlackElo "950"]
[BlackTeam "Manchester Juniors E"]
[Result "1-0"]
[PlyCount "45"]

1. e4 e5 2. Nf3 Nc6 3. Bc4 Bc5 4. O-O Nf6 5. d3 d6 6. Bg5 h6 7. Bh4 Bg4 8. h3 Bxf3 9. Qxf3 Nd4 10. Qd1 g5 11. Bg3 Qd7 12. Bh2 O-O-O 13. c3 d5 14. Bb3 Nxb3 15. axb3 dxe4 16. b4 Qxd3 17. Qe1 g4 18. Bxe5 Rhe8 19. Bxf6 Rd6 20. hxg4 Rxf6 21. bxc5 e3 22. f3 Qe2 23. Qxe2 1-0

[Event "Junior Online 4NCL Division 4"]
[Site "online"]
[Date "2021.09.16"]
[EventDate "2021.09.16"]
[Round "3.167"]
[White "Morgan, Alice"]
[WhiteElo "907"]
[WhiteTeam "Manchester Juniors E"]
[Black "Iyer, Rishabh"]
[BlackElo "700"]
[BlackTeam "Edgware Gambits K"]
[Result "1/2-1/2"]
[PlyCount "57"]

1. e4 e5 2. Nc3 Nf6 3. Nf3 Nc6 4. Bc4 Bc5 5. Ng5 O-O 6. Qf3 d5 7. exd5 Nxd5 8. Nxd5 Qxg5 9. O-O Bg4 10. Qg3 Qg6 11. Re1 Bf5 12. Qxg6 Bxg6 13. d3 Rae8 14. Bg5 Rc8 15. Rad1 Bh5 16. Rc1 Rfe8 17. Re4 f6 18. Bxf6 Bg6 19. Ne7+ Kf8 20. Nxc8 Rxc8 21. Rxe5 Nxe5 22. Bxe5 Ke7 23. Re1 Kd8 24. Be6 Rb8 25. a4 Bb4 26. Re3 Bc5 27. Re1 Bb4 28. Re3 Bc5 29. Re1 1/2-1/2

[Event "Junior Online 4NCL Division 4"]
[Site "online"]
[Date "2021.09.16"]
[EventDate "2021.09.16"]
[Round "3.171"]
[White "Fernandes, Dion"]
[WhiteElo "1000"]
[WhiteTeam "KEGS C"]
[Black "Dodhia, Aarav"]
[BlackElo "800"]
[BlackTeam "Edgware Gambits L"]
[Result "1-0"]
[PlyCount "59"]

1. e4 e5 2. Nf3 Nc6 3. Bc4 Nf6 4. Ng5 Qe7 5. Nxf7 Rg8 6. Ng5 d5 7. exd5 Na5 8. d6 cxd6 9. Bxg8 Nxg8 10. d4 exd4+ 11. Kf1 b6 12. Nxh7 Ba6+ 13. Kg1 Nf6 14. Nxf8 Qxf8 15. Qxd4 Nc6 16. Qa4 Ng4 17. Qxc6+ Kd8 18. Qxa8+ Ke7 19. Qxa7+ Ke6 20. Qxb6 Bb5 21. h3 Nxf2 22. Qxf2 Qxf2+ 23. Kxf2 g5 24. Nc3 Bc6 25. Bxg5 d5 26. Rhe1+ Kd6 27. Rad1 Kc5 28. Be7+ Kc4 29. Re3 d4 30. b3# 1-0

[Event "Junior Online 4NCL Division 4"]
[Site "online"]
[Date "2021.09.16"]
[EventDate "2021.09.16"]
[Round "3.172"]
[White "Dodhia, Reya"]
[WhiteElo "700"]
[WhiteTeam "Edgware Gambits L"]
[Black "Bennett, Ben"]
[BlackElo "1004"]
[BlackTeam "KEGS C"]
[Result "0-1"]
[PlyCount "24"]

1. e4 e5 2. Nf3 Nf6 3. Nxe5 Nc6 4. Nd3 Nxe4 5. Nc3 Nxc3 6. bxc3 Bd6 7. Nb2 O-O 8. Bd3 Re8+ 9. Be2 Ne5 10. O-O Qh4 11. Bg4 Nxg4 12. d4 Qxh2# 0-1

[Event "Junior Online 4NCL Division 4"]
[Site "online"]
[Date "2021.09.16"]
[EventDate "2021.09.16"]
[Round "3.173"]
[White "Lankothu, Sushant"]
[WhiteElo "1000"]
[WhiteTeam "KEGS C"]
[Black "Dodhia, Saavir"]
[BlackElo "700"]
[BlackTeam "Edgware Gambits L"]
[Result "1-0"]
[PlyCount "49"]

1. e4 e5 2. Nf3 Nc6 3. Nc3 Nf6 4. d4 Bb4 5. dxe5 Ng4 6. Nd4 Ncxe5 7. Bf4 O-O 8. Bxe5 Nxe5 9. Ne2 d6 10. Qd4 Nc6 11. Qe3 Qf6 12. a3 Bxc3+ 13. Qxc3 Qe6 14. f3 Qe5 15. O-O-O Qg5+ 16. f4 Qh5 17. Ng3 Qg4 18. Qd2 Ne7 19. Be2 Qg6 20. f5 Qh6 21. Qxh6 Nc6 22. Qg5 Nd4 23. f6 Nxe2+ 24. Nxe2 h6 25. Qxg7# 1-0

[Event "Junior Online 4NCL Division 4"]
[Site "online"]
[Date "2021.09.16"]
[EventDate "2021.09.16"]
[Round "3.175"]
[White "Dodhia, Aarav"]
[WhiteElo "800"]
[WhiteTeam "Edgware Gambits L"]
[Black "Fernandes, Dion"]
[BlackElo "1000"]
[BlackTeam "KEGS C"]
[Result "0-1"]
[PlyCount "32"]

1. e4 e5 2. Nf3 Nc6 3. Bc4 h6 4. Nc3 Bc5 5. d3 a6 6. b3 b5 7. Bd5 Bb7 8. Bb2 Nf6 9. Bxc6 Bxc6 10. Nxe5 Bd4 11. Nxc6 dxc6 12. e5 Ng4 13. Ne4 Bxb2 14. Rb1 Bc3+ 15. Nd2 Qd4 16. e6 Qxf2# 0-1

[Event "Junior Online 4NCL Division 4"]
[Site "online"]
[Date "2021.09.16"]
[EventDate "2021.09.16"]
[Round "3.176"]
[White "Bennett, Ben"]
[WhiteElo "1004"]
[WhiteTeam "KEGS C"]
[Black "Dodhia, Reya"]
[BlackElo "700"]
[BlackTeam "Edgware Gambits L"]
[Result "1-0"]
[PlyCount "81"]

1. e4 e5 2. Nf3 Nf6 3. Bc4 d5 4. exd5 e4 5. Qe2 Bg4 6. h3 Bf5 7. d3 Na6 8. Ne5 Bb4+ 9. c3 Bd6 10. d4 O-O 11. Bg5 c6 12. dxc6 bxc6 13. Nxc6 Qe8 14. Bb5 Nb4 15. Nxb4 Qe6 16. Bxf6 Qxf6 17. Nd5 Qg5 18. g4 Qc1+ 19. Qd1 Qg5 20. gxf5 Qg2 21. Kd2 Qxf2+ 22. Qe2 Bf4+ 23. Kc2 Qxe2+ 24. Bxe2 Rad8 25. Nxf4 Rd6 26. Bc4 Rh6 27. Nd5 Rh4 28. Nd2 a5 29. Rag1 Re8 30. f6 Rd8 31. Ne7+ Kf8 32. Rxg7 Rf4 33. Rxf7+ Ke8 34. Rg1 Kd7 35. Bb5+ Ke6 36. Bc4+ Kd7 37. Nd5+ Kc8 38. Rc7+ Kb8 39. Rgg7 e3 40. Rb7+ Kc8 41. Nb6# 1-0

[Event "Junior Online 4NCL Division 4"]
[Site "online"]
[Date "2021.09.16"]
[EventDate "2021.09.16"]
[Round "3.177"]
[White "Dodhia, Saavir"]
[WhiteElo "700"]
[WhiteTeam "Edgware Gambits L"]
[Black "Lankothu, Sushant"]
[BlackElo "1000"]
[BlackTeam "KEGS C"]
[Result "0-1"]
[PlyCount "78"]

1. e4 e5 2. Nf3 Nc6 3. Nc3 Bb4 4. Bc4 Bxc3 5. bxc3 Nf6 6. d3 d6 7. O-O Bg4 8. Bg5 h6 9. Bh4 O-O 10. h3 Be6 11. Ng5 hxg5 12. Bxg5 Bxc4 13. dxc4 Qe7 14. Rb1 b6 15. Bh4 Qe6 16. a3 Nxe4 17. Qh5 Nd2 18. Qd1 Nxb1 19. Qxb1 Qxc4 20. Qd1 Qxh4 21. Qd5 Ne7 22. c4 Nxd5 23. cxd5 Qa4 24. c3 Qxa3 25. c4 Qb3 26. c5 Qxd5 27. Rc1 Qxc5 28. Rb1 Qc2 29. Rf1 Qe2 30. Kh2 Qxf1 31. Kg3 Qd3+ 32. f3 a5 33. Kg4 a4 34. h4 Qd4+ 35. Kg5 f6+ 36. Kg6 Qg1 37. h5 Qxg2+ 38. Kf5 Qxf3+ 39. Kg6 Qg4# 0-1

[Event "Junior Online 4NCL Division 4"]
[Site "online"]
[Date "2021.09.16"]
[EventDate "2021.09.16"]
[Round "3.181"]
[White "Vaz, Bryan"]
[WhiteElo "850"]
[WhiteTeam "Surrey Kings 5"]
[Black "Yarranton, Isaac"]
[BlackElo "1000"]
[BlackTeam "Edgware Gambits H"]
[Result "0-1"]
[PlyCount "36"]

1. d4 e5 2. dxe5 Bc5 3. Nf3 d6 4. exd6 Ne7 5. dxe7 Bxf2+ 6. Kxf2 Qxd1 7. Bd2 Qxc2 8. g3 Qxb2 9. Bc3 Qb6+ 10. Nd4 Nc6 11. Ke3 Nxd4 12. Bxd4 Qc6 13. Rg1 Qe6+ 14. Kd3 Qd6 15. Bg2 c5 16. Nc3 Qxd4+ 17. Kc2 Bf5+ 18. Kb3 Qb4# 0-1

[Event "Junior Online 4NCL Division 4"]
[Site "online"]
[Date "2021.09.16"]
[EventDate "2021.09.16"]
[Round "3.182"]
[White "Simmons, Keaton"]
[WhiteElo "925"]
[WhiteTeam "Edgware Gambits H"]
[Black "Edwards, Zachary"]
[BlackElo "868"]
[BlackTeam "Surrey Kings 5"]
[Result "0-1"]
[PlyCount "68"]

1. e4 e5 2. Nf3 Nc6 3. Nc3 Bc5 4. Bc4 Nf6 5. O-O d6 6. d3 Be6 7. Bg5 Bxc4 8. dxc4 h6 9. Bxf6 Qxf6 10. Qd5 Qd8 11. a3 b6 12. Qxc6+ Ke7 13. Nb5 Rc8 14. Qb7 g5 15. Qxa7 g4 16. Nh4 Re8 17. Nf5+ Kf6 18. Nxh6 Rh8 19. Nxg4+ Kg5 20. Ne3 Re8 21. h3 Re7 22. Qb7 c6 23. Qa6 Ra8 24. Qxb6 Qxb6 25. Nc3 Bxe3 26. fxe3 Qxb2 27. Nb1 Qxa1 28. Nd2 Qxa3 29. Nb3 Qb2 30. Rf5+ Kg6 31. Nd2 Ra1+ 32. Kf2 Qxc2 33. Ke2 Qd1+ 34. Kd3 Ra3# 0-1